01365nam0a22002411 4500001001100000005001700011021001900028035002600047100004100073101000800114102000700122105001800129200059700147210003700744215002600781300008000807320004800887606006900935700006001004801001801064801002201082852001901104rc\447595620250612093624.0 aRUb[69-11480] a(NLR Aleph) 008599216 a20130416d1968 |||y0rusy50 ca0 arus aRU aa j |||||1 aУскоренные ресурсные испытания в машиностроенииeЛекции, прочит. на семинаре по надежности и прогрессивным методам контроля качества продукции в дек. 1967 г. в Политехн. музееeДвойной вып.fВсесоюз. о-во "Знание". Политехн. музей Ком. стандартов, мер и измерит. приборов при Совете Министров СССР. Всесоюз. совет науч.-техн. о-в aМоскваcЗнаниеd1968 a88 с.cчерт.d20 aПеред загл. авт.: Р.В. Кугель, д-р техн. наук aБиблиогр.: с. 87-88 (33 назв.) aМашиныxИспытание на надежность2psbo 1aКугельbР.В.gРафаил Викторович 0aRUbNLRgpsbo 1aRUbELAR2rusmarc aNLRj69-4/5986